Zgadnij państwo po wskazówkach - Statystyki

Ogólne statystyki
  • Ten quiz został rozwiązany 61 razy
  • Średni wynik to 10 z 15
Statystyki odpowiedzi
# Wskazówka Państwo % Poprawnych
1 Jest śródlądowe Afganistan / Andora / Armenia / Austria / Azerbejdżan / Bhutan / Białoruś / Boliwia / Botswana / Burkina Faso / Burundi / Czad / Czechy / Etiopia / Kazachstan / Kirgistan / Laos / Lesotho / Liechtenstein / Luksemburg / Macedonia Północna / Malawi / Mali / Mołdawia / Mongolia / Nepal / Niger / Serbia / Słowacja / Paragwaj / Republika Środkowoafrykańska / Rwanda / San Marino / Eswatini / Sudan Południowy / Szwajcaria / Tadżykistan / Turkmenistan / Uzbekistan / Watykan / Węgry / Zambia / Zimbabwe
100%
4 Nie zaczyna się na literę S Andora / Armenia / Austria / Azerbejdżan / Bhutan / Białoruś / Boliwia / Botswana / Burkina Faso / Burundi / Czad / Czechy / Etiopia / Laos / Lesotho / Liechtenstein / Luksemburg / Malawi / Mali / Mołdawia / Mongolia / Nepal / Niger / Paragwaj / Rwanda / Eswatini / Watykan / Węgry / Zambia / Zimbabwe
73%
2 Nie kończy się na -stan Andora / Armenia / Austria / Azerbejdżan / Bhutan / Białoruś / Boliwia / Botswana / Burkina Faso / Burundi / Czad / Czechy / Etiopia / Laos / Lesotho / Liechtenstein / Luksemburg / Macedonia Północna / Malawi / Mali / Mołdawia / Mongolia / Nepal / Niger / Serbia / Słowacja / Paragwaj / Republika Środkowoafrykańska / Rwanda / San Marino / Eswatini / Sudan Południowy / Szwajcaria / Watykan / Węgry / Zambia / Zimbabwe
71%
3 Nie ma w nazwie kierunku świata Andora / Armenia / Austria / Azerbejdżan / Bhutan / Białoruś / Boliwia / Botswana / Burkina Faso / Burundi / Czad / Czechy / Etiopia / Laos / Lesotho / Liechtenstein / Luksemburg / Malawi / Mali / Mołdawia / Mongolia / Nepal / Niger / Serbia / Słowacja / Paragwaj / Rwanda / San Marino / Eswatini / Szwajcaria / Watykan / Węgry / Zambia / Zimbabwe
71%
5 Ma więcej niż 5 liter w nazwie Andora / Armenia / Austria / Azerbejdżan / Bhutan / Białoruś / Boliwia / Botswana / Burkina Faso / Burundi / Czechy / Etiopia / Lesotho / Liechtenstein / Luksemburg / Malawi / Mołdawia / Mongolia / Paragwaj / Rwanda / Eswatini / Watykan / Zambia / Zimbabwe
69%
6 Nie kończy się na -n Andora / Armenia / Austria / Białoruś / Boliwia / Botswana / Burkina Faso / Burundi / Czechy / Etiopia / Lesotho / Luksemburg / Malawi / Mołdawia / Mongolia / Paragwaj / Rwanda / Eswatini / Zambia / Zimbabwe
65%
7 Powierzchnia powyżej 10 tysięcy kilometrów kwadratowych Armenia / Austria / Białoruś / Boliwia / Botswana / Burkina Faso / Burundi / Czechy / Etiopia / Lesotho / Malawi / Mołdawia / Mongolia / Paragwaj / Rwanda / Eswatini / Zambia / Zimbabwe
65%
8 Nie mieszka w nim więcej niż 15 milionów ludzi Armenia / Austria / Białoruś / Boliwia / Botswana / Burundi / Czechy / Lesotho / Mołdawia / Mongolia / Paragwaj / Rwanda / Eswatini
65%
9 Zaczyna się na spółgłoskę Białoruś / Boliwia / Botswana / Burundi / Czechy / Lesotho / Mołdawia / Mongolia / Paragwaj / Rwanda
65%
10 Nie leży w Ameryce Południowej Białoruś / Botswana / Burundi / Czechy / Lesotho / Mołdawia / Mongolia / Rwanda
65%
11 Nie kończy się jego nazwa na spółgłoskę Botswana / Burundi / Czechy / Lesotho / Mołdawia / Mongolia / Rwanda
65%
12 Nie leży w Azji Botswana / Burundi / Czechy / Lesotho / Mołdawia / Rwanda
65%
13 Nie graniczy z Polską Botswana / Burundi / Lesotho / Mołdawia / Rwanda
59%
14 Nie leży w Afryce Mołdawia
59%
15 Zagadkowe państwo to? Mołdawia
59%
Nie znaleziono quizów pasujących do podanych kryteriów
Rozkład punktacji
Procent ludzi z każdym wynikiem
Percentyl według liczby udzielonych odpowiedzi
Twoja historia wyników
Nie rozwiązałeś tego quizu